000 00572nam a2200229Ia 4500
003 OSt
005 20220924140948.0
006 a|||||r|||| 00| 0
007 ta
008 220923b |||||||| |||| 00| 0 ben d
024 _a296739
037 _cTextual
040 _aARTS
_cARTS
_bben
041 _2ben
_aben
082 _aO157,3N142,1, M6
100 _aDevi Maitrei
_9211729
245 0 _aVidhi o vidhata
260 _c1986
650 _aBENGALI LITERATURE
942 _hO157,3N142,1, M6
_cTEXL
_2CC
999 _c445849
_d445849